|
|
|
|
| LEADER |
00000nab a2200000 a 4500 |
| 001 |
vtls008185100 |
| 003 |
SK-MaSNL |
| 005 |
20260303080344.0 |
| 008 |
050719c2004 xo mr|p|||||||000 b|slo |
| 015 |
|
|
|a SNBRB2005/07
|2 snkbucl
|
| 038 |
|
|
|a SNKBUCL
|
| 040 |
|
|
|a SNKBUCL
|b slo
|c SNKBUCL
|e AACR2
|
| 041 |
0 |
|
|a slo
|
| 044 |
|
|
|a xo
|c SK
|
| 080 |
|
|
|a 323.285
|x (100)
|2 UDC-MRF-SK2
|
| 080 |
|
|
|a 165.72
|2 UDC-MRF-SK2
|
| 100 |
1 |
|
|a Kodoňová, Miloslava,
|d 1932-
|4 aut
|9 103863
|
| 245 |
1 |
0 |
|a Svetom obchádza strašidlo nihilizmu
|c Miloslava Kodoňová
|
| 300 |
|
|
|b Obr.
|
| 600 |
1 |
7 |
|a Glucksmann, André,
|d 1937-2015
|t Dostojevskij na Manhattane
|2 snkbucl
|9 1082103
|
| 650 |
0 |
7 |
|a nihilizmus
|2 snkbucl
|9 16694
|
| 650 |
0 |
7 |
|a terorizmus
|2 snkbucl
|9 4295
|
| 650 |
0 |
7 |
|a globalizácia
|2 snkbucl
|9 3615
|
| 773 |
0 |
|
|t Knihy a spoločnosť
|g Roč. 1, september (2004), s. 8
|x 1336-5584
|
| 852 |
|
|
|a SNK
|b KIS3GCP
|
| 999 |
|
|
|c 1780086
|d 1782016
|